000
00300nam a22001337a 4500
008
180928b xxu||||| |||| 00| 0 eng d
020
_a
081512835
041
_a
eng
080
_2
3 ED
_a
617
100
_a
5
101
_a
KIR
245
_a
Current Surgical Therapy
_c
CameronJ .L
942
_2
udc
_c
BK
999
_c
48654
_d
48654